| 000 | 00666nam a22001697a 4500 | ||
|---|---|---|---|
| 003 | UA-OsUOA | ||
| 001 | 7215 | ||
| 007 | ta | ||
| 008 | 20040614b un ||||| |||| 00| 0 ukr d | ||
| 942 | _cSA | ||
| 040 |
_aUA-OsUOA _cUA-OsUOA _dUA-OsUOA |
||
| 245 |
_aПро нагородження Василишина Р.Д. Почесною грамотою Кабінета Міністрів України _b[Постанова Кабінету Міністрів України від 3 черв. 2004 р. N739] |
||
| 300 | _aС.1 | ||
| 955 | _a0 | ||
| 773 | 0 |
_w0 _tВісті Рівненщини _dРівне _d2004 _g№54/9 черв./ |
|
| 650 | 7 |
_aВасилишин Р.Д. _2UDC |
|
| 999 |
_c293376 _d293376 |
||